Les 12 coups de midi | Coup fatal #12 - Statistiques

Statistiques générales
  • Ce quiz a été pris 266 fois
    182 depuis la dernière actualisation
  • Le résultat moyen est 8 sur 22
Statistiques - réponses
Questions Réponses % Correct
Que faut-il ajouter au café pour obtenir un latte ? lait
90%
Que signifie le sigle SAV dans un grand magasin ? service après vente
84%
Quel club breton jouera en Ligue des Champions en 2024-2025 Brest
78%
Quel poussin de dessin animé se plaint toujours que "c'est vraiment trop injuste" ? Calimero
78%
Quelle est la couleur des poils des orangs-outans ? orange
78%
Quel type de montagnes expulsent des nuées ardentes ? volcan
78%
Quel adjectif associe-t-on au mot "disque" afin de désigner un support de stockage de données numériques ? dur
72%
Quel mot commence par un "H" dans le théorème de Pythagore ? hypoténuse
65%
Quel sigle désigne la région Provence-Alpes-Côte-d'Azur ? PACA
55%
Comment s'appelle un terrain planté de rosiers ? roseraie
49%
Quel musée parisien a été installé dans une ancienne gare ? Orsay
37%
Quel dramaturge français a réécrit "Antigone" de Sophocle en 1944 ? Jean Anouilh
27%
Dans quel pays a eu lieu la révolution spartakiste en 1919 ? Allemagne
14%
A quelle série britannique associe-t-on Lord Brett Sinclair et Danny Wilde ? Amicalement vôtre
6%
Quelle oeuvre de Dante raconte les amours tragiques de Paolo Malatesta et Francesca da Rimini ? Divine Comédie
4%
En menuiserie, quel genre d'outil est un "guillaume" ? rabot
4%
De quel ancien amour Joan Baez évoque-t-elle dans le souvenir dans sa chanson "Diamonds And Rust" ? Bob Dylan
2%
Quel médecin de l'empereur Marc-Aurèle est le père de la pharmacologie ? Galien
2%
Quel écrivain français a écrit "Les Cavaliers" ? Joseph Kessel
1%
Sous quel surnom connaît-on mieux la danseuse Louise Weber ? La Goulue
1%
Quel footballeur autrichien de l'entre-deux-guerre était surnommé le Mozart du football ? Matthias Sindelar
1%
Selon la mythologie grecque, qui a fondé la cité de Mycènes ? Persée
1%
Aucun quiz correspondant
Distribution des résultats
% des personnes avec chaque résultat
Percentile par nombre de réponses
Votre historique - résultats
Vous n’avez pas pris ce quiz depuis la dernière actualisation